000 00511nam a2200169Ia 4500
005 20250508151401.0
008 008 250505s9999 xx 000 0 eng d
037 _aBooks to be hide in OPAC
040 _aFEDL
_beng
_cFEDL
041 _aeng
_2eng
084 _a379.173, GRE/O
_qFEDL
245 0 _aPlanning rural schools for children under seven
260 _aLondon, UK
_bUniversity of London Press, Ltd.
_c1946
300 _a40p.
942 _cHB
_h379.173, GRE/O
999 _c1329426
_d1329426